| 000 | 00905nas a2200277 4500 | ||
|---|---|---|---|
| 001 | BR2017001445 | ||
| 003 | BR-BrBNA | ||
| 005 | 20231205130943.0 | ||
| 007 | ta | ||
| 008 | 230509b bl.|||p| |||| 00| 00por d | ||
| 040 |
_aBR-BrBNA _bpor _cBiblioteca Nacional de Agricultura |
||
| 041 | _a(Pt) | ||
| 072 | _aF06 | ||
| 100 | 1 | _aBrito, C.F.B. | |
| 100 | 1 | _aFonseca, V.A. | |
| 100 | 1 | _aSantos, M.R. dos | |
| 245 | 1 | _aDesempenho de sistemas de irrigação por gotejamento com aplicação da água salina | |
| 650 | _aABACAXI | ||
| 650 | _aPALMA FORRAGEIRA | ||
| 650 | _aIRRIGAÇÃO POR GOTEJAMENTO | ||
| 650 | _aQUALIDADE DA ÁGUA | ||
| 773 | 0 |
_tRevista Agrotecnologia (Brazil) _xISSN 2179-5959 _g(2016), v. 7(1) p. 10-17 _wBR2017001445 |
|
| 856 | 4 | 0 | _uhttp://www.revista.ueg.br/index.php/agrotecnologia/article/view/5011/pdf |
| 909 |
_a202311 _bLúcia _c55 _dLúcia Elande |
||
| 942 |
_2AGRIS _n0 _cANA |
||
| 999 |
_c252249 _d252249 |
||